ბათუმის შოთა რუსთაველის სახელმწიფო უნივერსიტეტის ბიბლიოთეკა

XXVII რესპუბლიკური დიალექტოლოგიური სამეცნიერო სესია:მასალები (ბიბ.ჩანაწერი № 51212)

000 -LEADER
fixed length control field 01490nam a2200265Ia 4500
001 - CONTROL NUMBER
control field 18172
003 - CONTROL NUMBER IDENTIFIER
control field GE_BSU
008 - FIXED-LENGTH DATA ELEMENTS--GENERAL INFORMATION
fixed length control field 181216s||||||||xx |||||||||||||| ||und||
040 ## - CATALOGING SOURCE
Transcribing agency GE_BSU
080 ## - UNIVERSAL DECIMAL CLASSIFICATION NUMBER
Universal Decimal Classification number 811.353.1'282
245 ## - TITLE STATEMENT
Title XXVII რესპუბლიკური დიალექტოლოგიური სამეცნიერო სესია:მასალები
245 ## - TITLE STATEMENT
Remainder of title 2008 წ. 14-15 ნოემბერი
245 ## - TITLE STATEMENT
Statement of responsibility, etc. რედ.: მ. ჩუხუა
250 ## - EDITION STATEMENT
Edition statement არნოლდ ჩიქობავას ენათმეცნიერების ინ-ტი. ახალციხის სახ-ინ-ტი
260 ## - PUBLICATION, DISTRIBUTION, ETC.
Place of publication, distribution, etc. თბილისი
260 ## - PUBLICATION, DISTRIBUTION, ETC.
Name of publisher, distributor, etc. არნოლდ ჩიქობავას ენათმეცნიერების ინ-ტი
260 ## - PUBLICATION, DISTRIBUTION, ETC.
Date of publication, distribution, etc. 2008
300 ## - PHYSICAL DESCRIPTION
Extent 76გვ.20სმ.
520 ## - SUMMARY, ETC.
Summary, etc. ეძღვნება ჟორჟ დიუმეზილის დაბადებიდან 110-ე წლისთავს
653 ## - INDEX TERM--UNCONTROLLED
Uncontrolled term XXVIII რესპუბლიკური დიალექტოლოგიური სამეცნიერო სესია
653 ## - INDEX TERM--UNCONTROLLED
Uncontrolled term კავკასიური ენები; დიალექტოლოგია
653 ## - INDEX TERM--UNCONTROLLED
Uncontrolled term ქართული ენის დიალექტები; ქართველური ენების დიალექტები;
942 ## - ADDED ENTRY ELEMENTS (KOHA)
Koha item type წიგნი
ეგზემპლარები
Withdrawn status Lost status Damaged status Not for loan Date acquired Barcode Date last seen Price effective from Koha item type
        2018-12-17 46343 2018-12-17 2018-12-17 წიგნი